| 000 | 00358nam a2200133Ia 4500 | ||
|---|---|---|---|
| 008 | 240624s9999 xx 000 0 und d | ||
| 041 | _aeng | ||
| 082 | _a332.64 DRE | ||
| 100 | _aDREYFUSS BARBARA T | ||
| 245 | _aHEDGE HOGS THE COWBOY TRADERS BEHIND WAL | ||
| 260 |
_c2013 _aNew York _bRandom House |
||
| 300 | _axxvii, : 285 : p. : cm. ; 23 | ||
| 365 |
_c _b38 |
||
| 999 |
_c28268 _d28268 |
||